The Relationship Between Parenting Styles and Vocational Identity: Mediating Roles of Stress and Self-Esteem (Record no. 478805)
[ view plain ]
| 000 -LEADER | |
|---|---|
| fixed length control field | 00467nam a22001577a 4500 |
| 003 - CONTROL NUMBER IDENTIFIER | |
| control field | NUST |
| 005 - DATE AND TIME OF LATEST TRANSACTION | |
| control field | 20220902164458.0 |
| 008 - FIXED-LENGTH DATA ELEMENTS--GENERAL INFORMATION | |
| fixed length control field | 180723b ||||| |||| 00| 0 eng d |
| 038 ## - RECORD CONTENT LICENSOR | |
| Staff Name | 0 |
| 082 ## - DEWEY DECIMAL CLASSIFICATION NUMBER | |
| Classification number | 331.702 |
| 100 ## - MAIN ENTRY--PERSONAL NAME | |
| Relator code | Hafsa S. Ahmad |
| 245 ## - TITLE STATEMENT | |
| Title | The Relationship Between Parenting Styles and Vocational Identity: Mediating Roles of Stress and Self-Esteem |
| 300 ## - PHYSICAL DESCRIPTION | |
| Extent | 80p |
| 856 ## - ELECTRONIC LOCATION AND ACCESS | |
| Uniform Resource Identifier | <a href="http://10.250.8.41:8080/xmlui/handle/123456789/6472">http://10.250.8.41:8080/xmlui/handle/123456789/6472</a> |
| 942 ## - ADDED ENTRY ELEMENTS (KOHA) | |
| Source of classification or shelving scheme | |
| Koha item type | Thesis |
| Withdrawn status | Lost status | Source of classification or shelving scheme | Damaged status | Not for loan | Permanent Location | Current Location | Shelving location | Date acquired | Full call number | Barcode | Date last seen | Price effective from | Koha item type |
|---|---|---|---|---|---|---|---|---|---|---|---|---|---|
| Central Library (CL) | Central Library (CL) | Thesis | 01/27/2020 | 331.702 | CL-T-4798 | 01/27/2020 | 01/27/2020 | Thesis |
